00897nam a2200253Ia 4500003000400000005001700004006001800021007000300039008004100042024001100083037001100094040001800105041001300123100003600136110010700172245013400279260000900413300001700422650002700439700003900466700010700505942001200612999001900624OSt20220930085500.0a|||||r|||| 00| 0ta220926b |||||||| |||| 00| 0 eng d a100883 cTheses aCRLcCRLbeng 2engaeng aSrivastava Piyush Kumar9540382 aUniversity of Delhi. Faculty of Inter Disciplinary & Applied Science. Department of Electronic Science 0aFabrication and characterization of nanostructured yttrium doped zinc oxide thin films prepared by pulsed laser deposition method c2009 a148ap.ccm. aELECTRICAL ENGINEERING a Prof. Avinashi Kapoor Gu.9539356 aUniversity of Delhi. Faculty of Inter Disciplinary & Applied Science. Department of Electronic Science cDIS2CC c878999d878999